00434ntaaa2200169 45000030003000000050017000030080021000200400037000410820017000781000019000952450022001142500010001362600059001463000009002055000037002146500013002510120251027202550.00714s1973 ag 01  aAR-BaBNbspacAR-BaBNeaacrdRIC a301.4250 St7 aStowe, Eugene  aNovios cristianos a1 ed. aKansas City : bCasa Nazarena de Publicaciones, cn.f. a55 p aPuntos de vista de los Nazarenos anoviazgo